| 000 | 00336nam a2200133Ia 4500 | ||
|---|---|---|---|
| 005 | 20251222143253.0 | ||
| 008 | 251222s9999||||xx |||||||||||||| ||spa|| | ||
| 020 | _a84-95178-11-7 | ||
| 082 | _a025.3/G45 | ||
| 100 | _aGil Leiva, Isidoro | ||
| 245 | 0 | _aLa Automatización de la Indización de Documentos | |
| 264 | _bTREA | ||
| 942 | _cLIB | ||
| 999 |
_c15028 _d15028 |
||